Phòng trị bệnh cho gia súc/
v.v...
Đã lưu trong:
| Tác giả chính: | |
|---|---|
| Định dạng: | Sách |
| Năm xuất bản: |
Thanh Hóa:
NXB Thanh Hóa,
2007.
|
| Chủ đề: | |
| Tags: |
Thêm thẻ
Không có thẻ, Hãy là người đầu tiên gắn thẻ bản ghi này!
|
| LEADER | 01954nam a2200253 4500 | ||
|---|---|---|---|
| 082 | |a 636.089 |b L250H | ||
| 100 | |a Lê Huy Hảo | ||
| 245 | |a Phòng trị bệnh cho gia súc/ |c Lê Huy Hảo chủ biên. | ||
| 260 | |a Thanh Hóa: |c 2007. |b NXB Thanh Hóa, | ||
| 300 | |c 19 cm. |a 111 tr.; | ||
| 520 | |a v.v... | ||
| 653 | |a Gia súc - Phòng trị bệnh | ||
| 942 | |2 ddc |c STK0 | ||
| 999 | |c 6205 |d 6205 | ||
| 952 | |0 0 |1 0 |2 ddc |4 0 |6 636_089000000000000_L250H |7 0 |8 600 |9 56668 |a qbu |b qbu |c D3 |d 2015-01-15 |g 16000 |o 636.089 L250H |p 6271.c1 |r 0000-00-00 |w 2015-01-15 |y STK0 | ||
| 952 | |0 0 |1 0 |2 ddc |4 0 |6 636_089000000000000_L250H |7 0 |8 600 |9 56669 |a qbu |b qbu |c D3 |d 2015-01-15 |g 16000 |o 636.089 L250H |p 6271.c2 |r 0000-00-00 |w 2015-01-15 |y STK0 | ||
| 952 | |0 0 |1 0 |2 ddc |4 0 |6 636_089000000000000_L250H |7 0 |8 600 |9 56670 |a qbu |b qbu |c D3 |d 2015-01-15 |g 16000 |o 636.089 L250H |p 6271.c3 |r 0000-00-00 |w 2015-01-15 |y STK0 | ||
| 952 | |0 0 |1 0 |2 ddc |4 0 |6 636_089000000000000_L250H |7 0 |8 600 |9 56671 |a qbu |b qbu |c D3 |d 2015-01-15 |g 16000 |o 636.089 L250H |p 6271.c4 |r 0000-00-00 |w 2015-01-15 |y STK0 | ||
| 952 | |0 0 |1 0 |2 ddc |4 0 |6 636_089000000000000_L250H |7 0 |8 600 |9 56672 |a qbu |b qbu |c D3 |d 2015-01-15 |g 16000 |o 636.089 L250H |p 6271.c5 |r 0000-00-00 |w 2015-01-15 |y STK0 | ||
| 952 | |0 0 |1 0 |2 ddc |4 0 |6 636_089000000000000_L250H |7 0 |8 600 |9 56673 |a qbu |b qbu |c D3 |d 2015-01-15 |g 16000 |o 636.089 L250H |p 6271.c6 |r 0000-00-00 |w 2015-01-15 |y STK0 | ||
| 952 | |0 0 |1 0 |2 ddc |4 0 |6 636_089000000000000_L250H |7 0 |8 600 |9 56674 |a qbu |b qbu |c D3 |d 2015-01-15 |g 16000 |o 636.089 L250H |p 6271.c7 |r 0000-00-00 |w 2015-01-15 |y STK0 | ||
| 952 | |0 0 |1 0 |2 ddc |4 0 |6 636_089000000000000_L250H |7 0 |8 600 |9 56675 |a qbu |b qbu |c D3 |d 2015-01-15 |g 16000 |o 636.089 L250H |p 6271.c8 |r 0000-00-00 |w 2015-01-15 |y STK0 | ||
| 952 | |0 0 |1 0 |2 ddc |4 0 |6 636_089000000000000_L250H |7 0 |8 600 |9 56676 |a qbu |b qbu |c D3 |d 2015-01-15 |g 16000 |o 636.089 L250H |p 6271.c9 |r 0000-00-00 |w 2015-01-15 |y STK0 | ||
| 952 | |0 0 |1 0 |2 ddc |4 0 |6 636_089000000000000_L250H |7 0 |8 600 |9 56677 |a qbu |b qbu |c D3 |d 2015-01-15 |g 16000 |o 636.089 L250H |p 6271.c10 |r 0000-00-00 |w 2015-01-15 |y STK0 | ||